ARRUPE JESUIT UNIVERSITY

CORONAVIRUS -STOP THE SPREAD - CLEAN,DISINFECT,COVER

The letters of T.E. Lawrence / (Record no. 119057)

MARC details
000 -LEADER
fixed length control field 01615cam a2200373 a 4500
001 - CONTROL NUMBER
control field 7842170
003 - CONTROL NUMBER IDENTIFIER
control field ARRUPE
005 - DATE AND TIME OF LATEST TRANSACTION
control field 20131203191938.0
008 - FIXED-LENGTH DATA ELEMENTS--GENERAL INFORMATION
fixed length control field 750522r19381938enkbcfh 001 0aeng
010 ## - LIBRARY OF CONGRESS CONTROL NUMBER
LC control number 39002701
040 ## - CATALOGING SOURCE
Original cataloging agency DLC
Transcribing agency DLC
Modifying agency DLC
043 ## - GEOGRAPHIC AREA CODE
Geographic area code aw-----
-- e-uk---
050 10 - LIBRARY OF CONGRESS CALL NUMBER
Classification number PR6023.A937
Item number Z48 1938
050 00 - LIBRARY OF CONGRESS CALL NUMBER
Classification number D568.4.L45
Item number A4 1938
082 ## - DEWEY DECIMAL CLASSIFICATION NUMBER
Classification number 923.542
300 ## - PHYSICAL DESCRIPTION
Other physical details ill., facsims., maps, ports. ;
Dimensions 24 cm.
100 1# - MAIN ENTRY--PERSONAL NAME
Personal name Lawrence, T. E.
Fuller form of name (Thomas Edward),
Dates associated with a name 1888-1935.
9 (RLIN) 5072
240 10 - UNIFORM TITLE
Uniform title <a href="Correspondence.">Correspondence.</a>
Form subheading Selections
245 14 - TITLE STATEMENT
Title The letters of T.E. Lawrence /
Statement of responsibility, etc edited by David Garnett.
260 ## - PUBLICATION, DISTRIBUTION, ETC. (IMPRINT)
Place of publication, distribution, etc London :
Name of publisher, distributor, etc J. Cape,
Date of publication, distribution, etc 1938.
300 ## - PHYSICAL DESCRIPTION
Extent 896 p., [18] leaves of plates (2 folded) :
500 ## - GENERAL NOTE
General note Selected by the editor "to make a book in which Lawrence's career, his intellectual development and details of his life should be recorded, traced and documented almost entirely in his own words"--Pref.
500 ## - GENERAL NOTE
General note Includes index.
600 10 - SUBJECT ADDED ENTRY--PERSONAL NAME
Personal name Lawrence, T. E.
Fuller form of name (Thomas Edward),
Dates associated with a name 1888-1935
Form subdivision Correspondence.
9 (RLIN) 5073
650 #0 - SUBJECT ADDED ENTRY--TOPICAL TERM
Topical term or geographic name as entry element World War, 1914-1918
General subdivision Campaigns
Geographic subdivision Middle East
Form subdivision Sources.
9 (RLIN) 5074
650 #0 - SUBJECT ADDED ENTRY--TOPICAL TERM
Topical term or geographic name as entry element Soldiers
Geographic subdivision Great Britain
Form subdivision Correspondence.
9 (RLIN) 5075
651 #0 - SUBJECT ADDED ENTRY--GEOGRAPHIC NAME
Geographic name Great Britain
General subdivision Intellectual life
Chronological subdivision 20th century
Form subdivision Sources.
9 (RLIN) 5076
700 1# - ADDED ENTRY--PERSONAL NAME
Personal name Garnett, David,
Dates associated with a name 1892-1981.
9 (RLIN) 5077
700 1# - ADDED ENTRY--PERSONAL NAME
Personal name Rogers, Bruce,
Dates associated with a name 1870-1957,
Relator term former owner.
Institution to which field applies DLC
9 (RLIN) 5078
710 2# - ADDED ENTRY--CORPORATE NAME
Corporate name or jurisdiction name as entry element Pforzheimer Bruce Rogers Collection (Library of Congress)
Institution to which field applies DLC
9 (RLIN) 5079
906 ## - LOCAL DATA ELEMENT F, LDF (RLIN)
a 7
b cbc
c premver
d 1
e ncip
f 19
g y-gencatlg
942 ## - ADDED ENTRY ELEMENTS (KOHA)
Source of classification or shelving scheme Library of Congress Classification
Koha item type Monograph ( Printed materials)
Holdings
Withdrawn status Lost status Source of classification or shelving scheme Damaged status Not for loan Home library Current library Shelving location Date acquired Total Checkouts Full call number Barcode Date last seen Price effective from Koha item type
    Library of Congress Classification     ARRUPE LIBRARY ARRUPE LIBRARY Main Collection 03/12/2013   PR6023.A937 Z48 1938 464123516 13/10/2017 03/12/2013 Monograph ( Printed materials)

 

Arrupe Library. PO Box MP320 Mt Pleasant, Harare, Zimbabwe
263 242 745411|librarian@aju.ac.zw